| 000 | 00579nam a22002177a 4500 | ||
|---|---|---|---|
| 003 | OSt | ||
| 005 | 20241211105638.0 | ||
| 008 | 241211b |||||||| |||| 00| 0 eng d | ||
| 020 | _a0273651994 | ||
| 040 |
_aMUST _cMUST |
||
| 082 |
_222 _a338.6 DOU 2002 |
||
| 100 |
_aDouma, Sytse _919347 |
||
| 245 |
_aEconomic Approaches to organizations/ _cSytse Douma |
||
| 250 | _a3rd | ||
| 260 |
_aLondon _bPrentice Hall _c2002 |
||
| 300 |
_axii,282p. _c24cm |
||
| 504 | _aIncludes references and index | ||
| 650 | _2Economics | ||
| 700 |
_aSchreuder, Hein _919348 |
||
| 942 |
_2ddc _cO_SHELF |
||
| 999 |
_c9495 _d9495 |
||